| 000 | 01016nac a22002891i 4500 | ||
|---|---|---|---|
| 003 | EG-ScBUE | ||
| 005 | 20260512095049.0 | ||
| 008 | 260512s2000 ii a f 001 0 eng d | ||
| 020 | _a8120311477 | ||
| 020 | _a9788120311473 | ||
| 040 |
_aEG-ScBUE _beng _erda _cEG-ScBUE _dEG-ScBUE |
||
| 082 | 0 | 4 |
_a511.6 _bKOL _222 |
| 100 | 1 |
_aKolman, Bernard, _d1932- _eauthor. |
|
| 245 | 1 | 0 |
_aDiscrete mathematical structures / _cBernard Kolman, Drexel University, Robert C. Busby, Drexel University, Sharon Ross, DeKalb College. |
| 250 | _aThird edition. | ||
| 264 | 1 |
_aNew Delhi : _bPrentice Hall of India, _c2000. |
|
| 300 |
_axvii, 524 pages : _billustrations ; _c25 cm |
||
| 336 |
_2rdacontent _atext _btxt |
||
| 337 |
_aunmediated _2rdamedia _bn |
||
| 338 |
_avolume _bnc _2rdacarrier |
||
| 500 | _aIncludes index. | ||
| 650 | 7 |
_aComputer science _xMathematics. _2BUEsh |
|
| 655 | _vReading book | ||
| 700 | 1 |
_aBusby, Robert C., _eauthor. |
|
| 700 | 1 |
_aRoss, Sharon Cutler, _d1943- _eauthor. |
|
| 942 |
_cBB _2ddc |
||
| 999 |
_c1349 _d1349 |
||